书目信息 |
| 题名: |
代数学辞典
|
|
| 作者: | 钱吉林 著 | |
| 分册: | ||
| 出版信息: | 武昌 华中师范大学出版社 1994 |
|
| 页数: | 1287页 | |
| 开本: | 20cm | |
| 丛书名: | ||
| 单 册: | ||
| 中图分类: | O15-61 | |
| 科图分类: | ||
| 主题词: | 代数 , 数论 , 组合数学 | |
| 电子资源: | ||
| ISBN: | 7-5622-1412-3 | |
| 000 | 00555nam0 2200205 450 | |
| 001 | 0732828906 | |
| 005 | 20070903090708.90 | |
| 010 | @a7-5622-1412-3@b精装@d¥50.00 | |
| 100 | @a20070903d km y0chiy0120 ea | |
| 101 | 0 | @achi |
| 200 | 1 | @a代数学辞典@Adai shu xue ci dian@f钱吉林著@Fqian ji lin zhu |
| 210 | @a武昌@c华中师范大学出版社@d1994 | |
| 215 | @a1287页@d20cm | |
| 606 | 0 | @a代数 |
| 606 | 0 | @a数论 |
| 606 | 0 | @a组合数学 |
| 690 | @aO15-61@v3 | |
| 701 | 0 | @a钱吉林@Aqian ji lin@4著 |
| 801 | 0 | @aCN@bPFT@c20070903 |
| 905 | @a213230@dO15-61@eS147@f1 | |
| 代数学辞典/钱吉林著.-武昌:华中师范大学出版社,1994 |
| 1287页;20cm |
| ISBN 7-5622-1412-3(精装):¥50.00 |
| ● |
| 相关链接 |
|
|
|
|
正题名:代数学辞典
索取号:O15-61/S147
 
预约/预借
| 序号 | 登录号 | 条形码 | 馆藏地/架位号 | 状态 | 备注 |
| 1 | 6704401 | 267044012 | 密集书库-数信学院/ [索取号:O15-61/S147] | 在馆 |